Statistics for Countries by Borders in 15 Seconds

Click here to take the quiz!

General Stats

  • This quiz has been taken 6,387 times
  • The average score is 56 of 159

Answer Stats

Country % Correct
China
93%
Russia
93%
Mongolia
93%
Kazakhstan
92%
North Korea
92%
Poland
84%
France
82%
Pakistan
79%
Norway
79%
Ukraine
79%
Finland
79%
Azerbaijan
79%
Bhutan
78%
India
78%
Belarus
78%
Myanmar
78%
Nepal
78%
Georgia
77%
Lithuania
77%
United States
77%
Latvia
76%
Estonia
76%
Canada
75%
Brazil
75%
Mexico
74%
Suriname
73%
Argentina
68%
Bolivia
68%
Peru
67%
Paraguay
67%
Central African
Republic
66%
Uruguay
66%
Colombia
65%
Venezuela
64%
Guyana
64%
Afghanistan
63%
South Sudan
63%
Laos
60%
Dem Rep Congo
59%
Kyrgyzstan
59%
Tajikistan
59%
Vietnam
59%
Libya
58%
Rep of the Congo
57%
Zambia
56%
Cameroon
55%
Tanzania
55%
Uganda
54%
Angola
54%
Burundi
53%
Rwanda
53%
Niger
52%
Germany
51%
Switzerland
51%
Sudan
49%
Chad
47%
Luxembourg
44%
Netherlands
44%
Algeria
44%
Belgium
44%
Austria
43%
Gabon
42%
Spain
41%
Bangladesh
37%
Sri Lanka
37%
Czech Republic
37%
Denmark
34%
Iraq
34%
Mauritania
32%
Italy
31%
Mali
31%
Andorra
29%
Nigeria
28%
Egypt
28%
Saudi Arabia
28%
Morocco
28%
Burkina Faso
26%
United Kingdom
26%
United Arab Emirates
26%
Oman
26%
Jordan
25%
Namibia
25%
Qatar
25%
Mozambique
24%
Botswana
24%
Yemen
24%
Kuwait
24%
South Africa
23%
Zimbabwe
23%
Iran
22%
Turkey
22%
Tunisia
22%
Swaziland
22%
Lesotho
21%
Armenia
20%
Ethiopia
20%
Sint Maarten
20%
Monaco
20%
Slovenia
18%
Eritrea
17%
Bulgaria
17%
Turkmenistan
17%
Ireland
17%
Hungary
17%
Senegal
15%
Côte d'Ivoire
15%
Guinea
15%
Serbia
14%
Chile
14%
Benin
13%
Romania
13%
Israel
12%
Portugal
12%
Palestine
12%
Guatemala
12%
Vatican City
12%
San Marino
12%
Croatia
11%
Macedonia
11%
Belize
11%
Slovakia
10%
Montenegro
10%
Malaysia
10%
Indonesia
9%
Bosnia and
Herzegovina
9%
Kosovo
9%
Papua New Guinea
9%
East Timor
8%
Greece
8%
Kenya
8%
Syria
8%
Somalia
6%
Ecuador
6%
Sweden
6%
Thailand
5%
Costa Rica
5%
Djibouti
5%
Liechtenstein
5%
Albania
4%
Cambodia
4%
Moldova
4%
Panama
4%
Honduras
4%
El Salvador
4%
Nicaragua
3%
Togo
3%
Malawi
3%
Brunei
2%
Haiti
2%
Dominican Republic
2%
Ghana
2%
Lebanon
2%
Gambia
1%
Uzbekistan
1%
Sierra Leone
1%
Liberia
1%
South Korea
1%
Equatorial Guinea
1%
Guinea-Bissau
1%

Score Distribution

Percentile by Number Answered

Percent of People with Each Score

Your Score History

You have not taken this quiz